Представление документа в формате RUSMARC

ПолеНазваниеЗначение
  Тип записи a
  Библиографический уровень a
001 Контрольный номер RU/CBS_UL/BASE/cc81cd9b05ce485e9f7858c4ac18554e
005 Дата корректировки 20240825154250.6
100 Данные общей обработки __
a Данные общей обработки 20240825 ||| 0rusy0189 ca
101 Язык документа 0_
a Язык текста rus
102 Страна публикации __
a Страна публикации RU
200 Заглавие и сведения об ответственности 1_
a Заглавие Троянская лошадь
e Сведения, относящиеся к заглавию [детективы]
f Первые сведения об ответственности А. Дышев
300 Общие примечания __
a Общие примечания 12+
461 Уровень набора _0
1 2000
a Смена
463 Уровень физической единицы _0
1 2000
a № 8
v С. 124-187 : ил. - Начало. Продолж. следует
1 2101
d 2024
1 001RU/CBS_UL/BASE/d027a15230bf4f21a78d449316a9f1ed
606 Тематические рубрики 0_
a Основная рубрика Российская литература, 21 в. - Детективы
610 Ключевые слова 0_
a Ключевые слова литература
610 Ключевые слова 0_
a Ключевые слова российская литература
610 Ключевые слова 0_
a Ключевые слова современная российская литература
610 Ключевые слова 0_
a Ключевые слова детективы
610 Ключевые слова 0_
a Ключевые слова российские детективы
686 Индексы других классификаций __
2 Код системы rubbk
a Классификационный индекс 84(2Рос=Рус)6
700 Автор _1
a Фамилия Дышев
b Имя (инициалы) А.
801 Источник записи _0
a Страна RU
b Организация МБУК ЦБС г. Ульяновска
c Дата составления 20240825
g Правила каталогизации RCR
801 Источник записи _1
a Страна RU
b Организация МБУК ЦБС г. Ульяновска
c Дата составления 20240825
g Правила каталогизации RCR
901 Тип документа __
t Тип документа b
w Контрольный № источника RU/CBS_UL/BASE/d027a15230bf4f21a78d449316a9f1ed
909 Создатель записи __
a Создатель записи lib17